000 00684nam a22002297a 4500
003 OSt
005 20220107122722.0
008 130827b xxu||||| |||| 00| 0 eng d
020 _a9780070586710
040 _cIIITM-K
082 _a005.82 BRA/N;1
100 _aBragg, Roberta
_92189
245 _aNetwork security:
_bThe complete reference
_cby Roberta Bragg, Rhodes-Ousley, Strassberg Keith
260 _aNew Delhi,
_bTata McGraw-Hill,
_c2004.
300 _axxxviii, 854p.
650 _aCOMPUTER SCIENCE
_92190
650 _aSYSTEM SECURITY
_92191
650 _aNETWORK SECURITY
_92192
700 _aRhodes-Ousley
_92193
700 _aStrassberg, Keith
_92194
942 _2ddc
_cBK
999 _c3329
_d3329